000
00239 a2200097 4500
001
32111
100
_a
Middleton Donald
245
_a
Composite Materials in Aircraft Structures
260
_a
England
_b
Longman
_c
1990
090
_c
21557
_d
21557
942
_a
NUST-CAE
_c
M
_c
12844
999
_c
267184
_d
267184